Management Accounting Demystified. (Record no. 1613)

MARC details
005 - DATE AND TIME OF LATEST TRANSACTION
control field 20250422161022.0
020 ## - INTERNATIONAL STANDARD BOOK NUMBER
International Standard Book Number 0-07-145961-8
082 ## - DEWEY DECIMAL CLASSIFICATION NUMBER
Classification number 657.48 BER
100 ## - MAIN ENTRY--PERSONAL NAME
Author name BERRY, L. E.
245 ## - TITLE STATEMENT
Title Management Accounting Demystified.
260 ## - PUBLICATION, DISTRIBUTION, ETC.
Place of publication, distribution, etc. New York,
Name of publisher, distributor, etc. McGraw-Hill,
Date of publication, distribution, etc. 2006.
300 ## - PHYSICAL DESCRIPTION
Extent xx, 411p.: ill.; figure
Other physical details Glossary & Index
Dimensions 23cm
942 ## - ADDED ENTRY ELEMENTS (KOHA)
Source of classification or shelving scheme Dewey Decimal Classification
Koha item type Books
Holdings
Date last seen Total checkouts Full call number Barcode Cost, replacement price Price effective from Koha item type Lost status Source of classification or shelving scheme Damaged status Not for loan Withdrawn status Home library Current library Shelving location Date acquired Cost, normal purchase price
06/26/2025   6578.1511BER DOM0001226 105000.00 06/26/2025 Books   Dewey Decimal Classification       CBE Dodoma CBE Dodoma General Collection 06/24/2009 35000.00
06/26/2025   6578.1511BER DOM0001229 105000.00 06/26/2025 Books   Dewey Decimal Classification       CBE Dodoma CBE Dodoma General Collection 06/24/2009 35000.00
06/26/2025   658.1511BER DOM0001168 105000.00 06/26/2025 Books   Dewey Decimal Classification       CBE Dodoma CBE Dodoma General Collection 04/24/2025 35000.00
04/22/2025   657.48 BER 0000006163 105000.00 04/22/2025 Books   Dewey Decimal Classification       College of Business Education Main Library College of Business Education Main Library General Collection 04/22/2025 35000.00
04/24/2025   657.48 BER 0000006189 105000.00 04/24/2025 Books   Dewey Decimal Classification       College of Business Education Main Library College of Business Education Main Library General Collection 04/24/2025 35000.00